| 000 | 00651nam a2200193Ia 4500 | ||
|---|---|---|---|
| 003 | GCL | ||
| 008 | 140319s9999 xx 000 0 ara d | ||
| 040 |
_aGCL / _cGCL |
||
| 082 | 0 | 4 |
_a621.8 _bم ر |
| 100 | 1 | _aمحيى الدين القشلان | |
| 245 | 1 | 0 |
_aالرسم الهندسى : انشاء المعدات الميكانيكية والكهربية / _cمحيى الدين القشلان |
| 260 |
_a[S.N] : _bدار الراتب الجامعية |
||
| 300 | _a50 ص | ||
| 490 | _a | ||
| 650 | 0 | 4 | _aالهندسة الميكانيكية |
| 650 | 0 | 4 | _aهندسة الالات |
| 650 | 0 | 4 | _aالهندسة الكهربية |
| 942 |
_2ddc _cBK |
||
| 999 |
_c48204 _d48204 |
||